Farmer's knowledge on agricultural machineries usage at kampong cham province, កម្រិតយល់ដឹងរបស់កសិករទៅលើការប្រើប្រាស់គ្រឿងយន្តកសិកម្មនៅខេត្តកំពង់ចាម (Record no. 8895)

000 -LEADER
fixed length control field 00695nam a22001577a 4500
003 - CONTROL NUMBER IDENTIFIER
control field OSt
005 - DATE AND TIME OF LATEST TRANSACTION
control field 20160819095916.0
008 - FIXED-LENGTH DATA ELEMENTS--GENERAL INFORMATION
fixed length control field 160819b xxu||||| |||| 00| 0 eng d
040 ## - CATALOGING SOURCE
Transcribing agency RUA
082 ## - DEWEY DECIMAL CLASSIFICATION NUMBER
Classification number AVM SUN 2015 B508 Or.1
100 ## - MAIN ENTRY--PERSONAL NAME
9 (RLIN) 9232
Personal name SUN SUNTHEARA, ស៊ុន សុគន្ធារ៉ា
245 ## - TITLE STATEMENT
Title Farmer's knowledge on agricultural machineries usage at kampong cham province, កម្រិតយល់ដឹងរបស់កសិករទៅលើការប្រើប្រាស់គ្រឿងយន្តកសិកម្មនៅខេត្តកំពង់ចាម
260 ## - PUBLICATION, DISTRIBUTION, ETC. (IMPRINT)
Place of publication, distribution, etc. Phnom Penh
Name of publisher, distributor, etc. RUA
Date of publication, distribution, etc. 2015
300 ## - PHYSICAL DESCRIPTION
Extent x; 47p.
Other physical details ill.
Dimensions 29cm.
942 ## - ADDED ENTRY ELEMENTS (KOHA)
Source of classification or shelving scheme
Koha item type AVM
Holdings
Price effective from Date last seen Permanent Location Not for loan Date acquired Source of classification or shelving scheme Koha item type Barcode Lost status Damaged status Shelving location Withdrawn status Current Location Full call number
2021-09-272021-09-27Library Block B 2021-09-27 AVMA066015  B670 Library Block BAGE SUN 2015 B670 Or.1
2021-09-272021-09-27Library Block B 2021-09-27 AVMA066016  B670 Library Block BAGE SUN 2015 B508 Or.1
មជ្ឈមណ្ឌលឯការនៃសាកលវិទ្យាល័យភូមិន្ទកសិកម្មចំការដូង

Powered by Koha